000 00586nam a2200205Ii 4500
001 7630
003 CO-ViMGA
008 241108s9999||||xx |||||||||||||| ||und||
040 _aCO-ViMGA
_bspa
_erda
_cCO-ViMGA
041 0 _aunk
082 0 4 _aC-R623
100 1 _aFrancisco Ribes
_954596
245 1 0 _aCuentos y leyendas
264 1 _a[Lugar de publicación no identificado] : Santillana, 1967
300 _avolumen
336 _atext
_btxt
_2rdacontent
337 _aunmediated
_bn
_2rdamedia
338 _avolume
_bnc
_2rdacarrier
940 _aidficha_siabuc: 7455. -- ficha_no_siabuc:7630
999 _c51701
_d51701